Relationship between Indexes of GCI and EFI in the Case of EU-27 Countries
Vzájomný vzťah medzi indexmi GCI a EFI, ktorý je založená na skutočnosti, že sloboda ekonomiky, alebo otvorenosť trhu, pozitívne prispieva k úrovni produktivity ekonomiky.
Uložené v:
| Hlavný autor: | |
|---|---|
| Ďalší autori: | |
| Médium: | Kapitola |
| Jazyk: | English |
| Predmet: | |
| Tagy: |
Žiadne tagy, Buďte prvý, kto otaguje tento záznam!
|
MARC
| LEADER | 00000naa a2200000 4500 | ||
|---|---|---|---|
| 001 | 0243909 | ||
| 005 | 20220718122851.0 | ||
| 041 | 0 | |a eng | |
| 044 | |a SK | ||
| 245 | 1 | 0 | |a Relationship between Indexes of GCI and EFI in the Case of EU-27 Countries |c Petra Vašaničová, Dominik Gira |
| 520 | |a Vzájomný vzťah medzi indexmi GCI a EFI, ktorý je založená na skutočnosti, že sloboda ekonomiky, alebo otvorenosť trhu, pozitívne prispieva k úrovni produktivity ekonomiky. | ||
| 610 | 2 | 0 | |a sloboda ekonomická |
| 610 | 2 | 0 | |a hospodárstvo otvorené |
| 610 | 2 | 0 | |a konkurencieschopnosť |
| 610 | 2 | 0 | |a analýza komparatívna |
| 610 | 2 | 0 | |a Európska únia |
| 610 | 2 | 0 | |a index ekonomickej slobody |
| 610 | 2 | 0 | |a index globálnej konkurencieschopnosti |
| 610 | 2 | 0 | |a index korelácie |
| 610 | 2 | 0 | |a regresia |
| 100 | 1 | |a Vašaničová, Petra | |
| 700 | 1 | |a Gira, Dominik | |